Songs From the Thriller Album - Statistics

General Stats
  • This quiz has been taken 44 times
  • The average score is 6 of 9
Answer Stats
# Side One % Correct
4 Thriller
97%
2 Billie Jean
91%
1 Beat It
86%
4 P.Y.T. (Pretty Young Thing)
60%
3 Human Nature
57%
3 The Girl Is Mine
57%
1 Wanna Be Startin’ Something
51%
5 The Lady In My Life
46%
2 Baby Be Mine
37%
No matching quizzes found
Score Distribution
Percent of People with Each Score
Percentile by Number Answered
Your Score History
You have not taken this quiz